[Event "It (open)"]
[Site "masterchessopen.com - Arco (Italy)"]
[Date "2006.10.25"]
[Round "5"]
[White "Giuriato Sergio (ITA)"]
[Black "Fortunato Vito (ITA)"]
[Result "1-0"]
[WhiteElo "2013"]
[BlackElo "1866"]

1.d4 Nf6 2.c4 g6 3.Nf3 Bg7 4.g3 c5 5.d5 e6 6.Nc3 exd5 7.cxd5 d6 8.Bg2 a6 9.a4
O-O 10.O-O Re8 11.Nd2 Nbd7 12.Nc4 Ne5 13.Na3 Rb8 14.h3 h6 15.f4 Ned7 16.e4 Nh5
17.Kh2 Bd4 18.Qd3 g5 19.Bf3 Ng7 20.Nc4 Qe7 21.Bd2 Nf6 22.Rae1 g4 23.hxg4 Nxg4+
24.Kg2 f6 25.Ne2 b5 26.axb5 axb5 27.Na5 Qd7 28.Nxd4 cxd4 29.Qxd4 Nh5 30.Rh1
Qf7 31.Rh4 f5 32.Reh1 Nhf6 33.Bc3 b4 34.Nc6 bxc3 35.Nxb8 Qb7 36.Qxc3 Qb6
37.Rxg4+ Nxg4 38.Bxg4 fxg4 39.Rxh6 Re5 40.fxe5 Qd8 41.e6 {#r} 1-0

[Event "It (KO-system)"]
[Site "masterchessopen.com - Pune (India)"]
[Date "2006.11.01"]
[Round "3"]
[White "Kunte Abhijit (IND)"]
[Black "Gopal G N (IND)"]
[Result "1-0"]
[WhiteElo "2524"]
[BlackElo "2397"]

1.d4 Nf6 2.c4 c5 3.d5 e6 4.Nc3 exd5 5.cxd5 d6 6.Nf3 g6 7.g3 Bg7 8.Bg2 O-O
9.O-O a6 10.a4 Re8 11.Nd2 Nbd7 12.h3 Rb8 13.a5 b5 14.axb6 Nxb6 15.e4 Qc7
16.Re1 Nfd7 17.Nf3 Ne5 18.Nxe5 Bxe5 19.Qc2 f5 20.exf5 Bxf5 21.Qd1 Nc4 22.Ra2
Qg7 23.Kh2 Nxb2 24.Bxb2 Bxc3 25.Bxc3 Qxc3 26.Rxe8+ Rxe8 27.Rxa6 Qd4 28.Qf3 Qe5
29.Qb3 Kg7 30.Qb7+ Re7 31.Qb8 c4 32.Rc6 c3 33.Qb4 c2 34.f4 Qf6 35.g4 Be4
36.Kg3 Bxg2 37.Kxg2 Re2+ 38.Kf3 Rh2 39.Rc7+ Kg8 40.Qb8+ Qf8 41.Rc8 {#r} 1-0

[Event "It (open)"]
[Site "masterchessopen.com - Bad Wiessee (Germany)"]
[Date "2006.11.09"]
[Round "6"]
[White "Reefschlaeger Helmut Dr (GER)"]
[Black "Sand Rolf Dr (GER)"]
[Result "1-0"]
[WhiteElo "2324"]
[BlackElo "2092"]

1.d4 Nf6 2.c4 e6 3.g3 c5 4.d5 exd5 5.cxd5 d6 6.Nc3 g6 7.Bg2 Bg7 8.Nf3 O-O
9.O-O a6 10.a4 Nbd7 11.Nd2 Re8 12.h3 Rb8 13.Nc4 Nb6 14.Na3 Bd7 15.a5 Nc8
16.Nc4 Bb5 17.Qb3 Bxc4 18.Qxc4 Nd7 19.Ne4 b5 20.axb6 Ncxb6 21.Qc2 Nxd5 22.Nxd6
Nb4 23.Qb3 Re6 24.Rd1 Qe7 25.Bf4 Be5 26.Bxe5 Nxe5 27.Ne4 Nbc6 28.Qd5 Rb5
29.Rxa6 Nd4 30.Ra8+ Kg7 31.Rxd4 {#r} 1-0

[Event "Ch Europe (active)"]
[Site "masterchessopen.com - Warsaw (Poland)"]
[Date "2006.12.16"]
[Round "8"]
[White "Wojtaszek Radoslaw (POL)"]
[Black "Gajewski Grzegorz (POL)"]
[Result "0-1"]
[WhiteElo "2630"]
[BlackElo "2515"]

{ } 1.d4 Nf6 2.c4 e6 3.g3 c5 4.d5 exd5 5.cxd5 d6 6.Nc3 g6 7.Bg2 a6 8.a4 (
8.Qd3 { +0.44 CAP } ) 8...Bg7 9.Nf3 O-O 10.O-O Nbd7 11.Nd2 Re8 12.h3 Nh5
13.Kh2 { ? } ( 13.Nce4 Ndf6 14.Nxf6+ Nxf6 15.Nc4 Bf5 16.Bf4 Bf8 17.a5 Be4
18.Nb6 Bxg2 19.Kxg2 Rb8 20.Ra3 Re4 21.Ra4 Qe8 22.Rxe4 Qxe4+ 23.f3 Qb4 24.Qd2
Qb5 25.Rc1 Nh5 26.Be3 Re8 27.Nc4 h6 28.g4 Nf6 29.Bf2 b6 30.e4 bxa5 31.Qxa5 Nd7
32.Bg3 Qxa5 { ...1-0, Winants Luc 2490 - Degraeve Jean-Marc 2542 , Cappelle la
Grande 2002 It (open) } ) 13...f5 { ? } ( 13...Rb8 14.Nc4 Ne5 15.Na3 Bd7 16.f4
b5 17.Ne4 b4 18.Nxd6 bxa3 19.Nxe8 Qxe8 20.Rxa3 Nc4 21.Ra2 Nxb2 22.Qc2 Nxa4
23.g4 Nf6 24.Ra3 Rb4 25.Bf3 Bb5 26.Re1 Rc4 27.Qb1 Nc3 28.Qa1 Nfxd5 29.e4 Nb4 {
0-1, Hammes Michael 2360 - Conquest Stuart 2555 , Fuerth 1999 It (open) } )
14.Nc4 ( 14.f4 Qc7 15.e4 fxe4 16.Ndxe4 Nhf6 17.Ng5 Nf8 18.Nce4 Nxe4 19.Nxe4
Bf5 20.Re1 b5 21.g4 Bd7 22.Qf3 h6 23.f5 gxf5 24.gxf5 Nh7 25.f6 Rf8 26.Qg3 Nxf6
27.Nxf6+ Rxf6 28.Bxh6 Be8 29.Bxg7 Qxg7 30.Qxg7+ Kxg7 31.Re7+ Rf7 32.Rxf7+ Kxf7
33.axb5 Bxb5 { ...0-1, Friesen Boris 2127 - Wemmers Xander 2411 , Hengelo 1994
It (open) (juniors) (under 20) } ) 14...Ne5 15.Na3 { -0.44 CAP N } ( 15.Qb3
Nxc4 16.Qxc4 b5 ( 16...Bd7 17.Ra3 Rb8 18.a5 Qe7 19.Re1 Qf8 20.Rb3 Bd4 21.e3 f4
22.Rf1 Bxc3 23.Qxc3 f3 24.Bh1 Re4 25.Rg1 Bxh3 26.Bxf3 Qxf3 27.Kxh3 Nf6 28.Qxf6
Qxf6 29.f4 Qf5+ 30.g4 Qxd5 { 0-1, Moulain Jean-Pierre 2185 - Hayoun Lionel
2345 , Val Maubuee 1990 It (open) } ) 17.Qd3 c4 18.Qc2 b4 19.Nd1 a5 20.Bf3 Nf6
21.Qxc4 Ba6 22.Qb3 Ne4 23.Ne3 Ng5 24.Rg1 f4 25.gxf4 Nxf3+ 26.exf3 Qh4 27.Rg3
Qxf4 28.Ng4 Qf8 29.Be3 Rac8 30.Rag1 Be2 31.h4 Bxf3 32.h5 Be4 33.Qd1 Rc2 34.Bd4
Re5 { ...0-1, Loehr Markus 2212 - Vonthron Horst 2329 , Germany 23. 2.2003
Bundesliga (2nd) South 2002/03 } ) ( 15.Nxe5 Bxe5 16.e3 ( 16.f4 { -0.11 CAP }
) 16...Rb8 17.Qd3 Bd7 18.a5 Qh4 19.Kg1 Nxg3 20.fxg3 Qxg3 21.Rf3 Qh2+ 22.Kf2 f4
23.exf4 Bd4+ 24.Be3 Rxe3 25.Rxe3 Re8 26.Qxd4 cxd4 27.Rxe8+ Bxe8 28.Ne2 d3
29.Ng3 Bd7 30.Rh1 d2 31.Rxh2 d1=Q 32.Ne4 Qd4+ 33.Kg3 h5 34.Bf3 Bf5 { ...0-1,
Timoscenko Gennadij 2475 - Kindermann Stefan 2535 , Baden-Baden 1985 It
(cat.9) } ) 15...g5 { N } ( 15...Bd7 16.f4 b5 17.fxe5 Bxe5 18.Bf4 Bxf4 19.gxf4
b4 20.Nc4 bxc3 21.bxc3 Qf6 22.Qd3 Rab8 23.e3 Rb3 24.Rfc1 Qh4 25.Kg1 Reb8
26.Rcb1 Qf6 27.Nd2 Rxb1+ 28.Rxb1 Rxb1+ 29.Qxb1 Qxc3 30.Qb8+ Kg7 31.Qxd6 Qxe3+
32.Kh1 Bxa4 33.Nf3 Qc1+ 34.Kh2 Qxf4+ 35.Qxf4 { ...0-1, Manninen Marko 2376 -
Spycher Bernard 2245 , Arnhem 1987 Ch Europe (juniors) } ) ( 15...Nf6 16.Bf4
Rb8 17.Qd2 Nf7 18.Rab1 Nh5 19.Bf3 Nxf4 20.gxf4 Qh4 21.e3 g5 22.Bg2 gxf4
23.exf4 Bd7 24.a5 Bh6 25.Ne2 Re7 26.Rbe1 Rbe8 27.Kg1 Kf8 28.Nc4 { 0-1, Okrosa
Marijan 1987 - Bosiocic Marin 2384 , Sveti Filip i Jakov 19. 4.2006 Ch Croatia
(juniors) (team) } ) ( 15...Rb8 16.e4 fxe4 17.Nxe4 b5 18.axb5 axb5 19.Ng5 Nf6
20.f4 Nf7 21.Re1 Nxg5 22.fxg5 Nd7 23.Bf4 Rxe1 24.Qxe1 Ne5 25.Qe2 c4 26.Nc2 Nd3
27.Ra7 Bf5 28.Ne3 Nxf4 29.gxf4 Qe8 30.Qd2 Bd7 31.Ng4 Ra8 32.Rxa8 Qxa8 33.Nf6+
Bxf6 34.gxf6 Qd8 35.Qd4 { ...0-1, Zoler Dan 2455 - Gelfand Boris 2729 , Rishon
le Zion 7. 9.2006 Ch World (blitz) } ) 16.e3 g4 17.Nc2 Qg5 18.Ne1 gxh3 19.Bxh3
Qh6 20.Kg2 Qg6 21.Nf3 Ng4 22.Ne2 Bd7 23.Nh4 Qf7 24.Ra3 b5 25.Nf4 { ?! } (
25.axb5 { !? } 25...axb5 26.Rxa8 Rxa8 27.f3 Ne5 28.Qc2 Rf8 29.b3 Ng6 { } )
25...Nxf4+ 26.exf4 b4 27.Rd3 c4 28.Rd2 c3 29.bxc3 bxc3 30.Ra2 Rac8 31.Nf3 Rc5
32.Kg1 Rxd5 33.Qb3 Rd3 34.Qxf7+ Kxf7 35.Bg2 h6 36.Ra3 Rb8 37.Nh2 Rb1 { ? } ( {
? } 37...Nxh2 38.Kxh2 Be6 39.Re1 Bd4 40.Be3 Bxe3 41.fxe3 Rb2 42.Kg1 c2 43.Raa1
Rd2 { } ) 38.Be3 { ?? } ( 38.Nxg4 fxg4 39.Be4 Rxc1 40.Bxd3 Rxf1+ { } )
38...Rxf1+ 39.Bxf1 Rxe3 40.fxe3 c2 41.Bc4+ Ke7 { } {#R} 0-1

[Event "It (b)"]
[Site "masterchessopen.com - Nizhnij Tagil (Russia)"]
[Date "2007.01.17"]
[Round "2"]
[White "Shestakov Dmitry (RUS)"]
[Black "Kaliberda Vladimir (UKR)"]
[Result "0-1"]
[WhiteElo "2310"]
[BlackElo "2319"]

1.d4 Nf6 2.c4 e6 3.Nc3 c5 4.d5 exd5 5.cxd5 d6 6.g3 g6 7.Bg2 Bg7 8.Nf3 O-O
9.O-O Nbd7 10.Nd2 Re8 11.a4 a6 12.Nc4 Nb6 13.Nxd6 Qxd6 14.Bf4 Re5 15.Bxe5 Qxe5
16.a5 Nc4 17.e4 g5 18.Qe2 Nd6 19.h3 Bd7 20.Rab1 g4 21.hxg4 Nxg4 22.f3 Qxg3
23.fxg4 Bxg4 24.Qf2 Qxf2+ 25.Kxf2 {#R} 0-1

[Event "Zt"]
[Site "masterchessopen.com - Phu Quoc (Vietnam)"]
[Date "2007.01.18"]
[Round "9"]
[White "Liu Yang (SIN)"]
[Black "Le Thanh Tu (VIE)"]
[Result "1-0"]
[WhiteElo "2056"]
[BlackElo "2336"]

1.d4 Nf6 2.c4 c5 3.d5 e6 4.Nc3 exd5 5.cxd5 d6 6.Nf3 g6 7.g3 Bg7 8.Bg2 O-O
9.O-O Re8 10.Nd2 a6 11.a4 Nbd7 12.Nc4 Ne5 13.Na3 Rb8 14.e4 Nh5 15.Be3 b6
16.Qe2 Qc7 17.h3 f5 18.Kh2 c4 19.Rad1 fxe4 20.Bxe4 b5 21.axb5 axb5 22.Naxb5
Qd7 23.g4 Rxb5 24.Nxb5 Nf6 25.Nc3 Nexg4+ 26.hxg4 Nxg4+ 27.Kg2 Bxc3 28.bxc3
Rxe4 29.Qf3 Ne5 30.Qxe4 Qh3+ 31.Kg1 Nf3+ 32.Qxf3 Qxf3 33.Kh2 Qh3+ 34.Kg1 Bg4
{#r} 1-0

[Event "Bundesliga B East 2006/07"]
[Site "masterchessopen.com - Austria"]
[Date "2007.01.20"]
[Round "6"]
[White "Hodisch Juri"]
[Black "Steinwender Peter (AUT)"]
[Result "1-0"]
[WhiteElo "2349"]
[BlackElo "2104"]

1.d4 Nf6 2.c4 c5 3.d5 e6 4.Nc3 exd5 5.cxd5 d6 6.Nf3 g6 7.g3 Bg7 8.Bg2 O-O
9.O-O Re8 10.Nd2 a6 11.a4 Nbd7 12.Nc4 Ne5 13.Na3 Rb8 14.h3 Qc7 15.Re1 Nh5
16.Kh2 f5 17.f4 Nf7 18.Qd3 Bd7 19.Bd2 Nf6 20.Rab1 Ne4 21.Nxe4 fxe4 22.Bxe4
Bxa4 23.Bg2 Bd7 24.Bc3 b5 25.Bxg7 Kxg7 26.e4 b4 27.Nc4 Bb5 28.b3 a5 29.Ra1 Ra8
30.Qc2 Bxc4 31.Qxc4 Qd7 32.Qc2 g5 33.e5 dxe5 34.fxe5 Nxe5 35.Qxc5 Rac8 36.Qd4
Qd6 37.Rxa5 Kg8 38.Ra7 Rc2 39.Kh1 Rc3 40.Qe4 Qh6 41.Qf5 Rxg3 42.Rxe5 Rxe5
43.Qf7+ {#r} 1-0

[Event "It (open)"]
[Site "masterchessopen.com - Moscow (Russia)"]
[Date "2007.02.03"]
[Round "8"]
[White "Ageichenko Genadi A (RUS)"]
[Black "Andreikin Dmitry (RUS)"]
[Result "0-1"]
[WhiteElo "2397"]
[BlackElo "2555"]

{ } 1.d4 Nf6 2.c4 c5 3.d5 e6 4.Nc3 exd5 5.cxd5 d6 6.Nf3 g6 7.g3 Bg7 8.Bg2 O-O
9.O-O Re8 10.Nd2 Nbd7 11.a4 a6 12.Nc4 Nb6 { ? } ( 12...Ne5 13.Nxe5 Rxe5 14.e4
Re8 15.Rb1 b5 16.axb5 axb5 17.b4 c4 18.h3 Bd7 19.Qc2 Qc8 20.Kh2 Re5 21.g4 Bxg4
22.hxg4 Qxg4 23.Rh1 Rae8 24.Be3 Nxe4 25.Nxe4 Rxe4 26.f3 Qh5+ 27.Kg1 Rh4
28.Rxh4 Qxh4 29.Qf2 Qh5 30.Rd1 Bc3 31.Bd4 Qxd5 32.f4 { ...1/2-1/2, Karpov
Anatoly 2745 - Adianto Utut 2610 , Jakarta 1997 Match } ) 13.Na3 Nbd7 14.Qb3 {
N } ( 14.Nc4 Nb6 ( 14...Ne5 15.Nxe5 Rxe5 16.e4 Re8 17.Re1 Rb8 18.Bf4 Ng4 19.h3
Ne5 20.Qe2 Bd7 21.a5 Qc8 22.Kh2 b5 23.axb6 Rxb6 24.Ra2 Qb7 25.Rea1 Rb8 26.Bc1
c4 27.Be3 Rb3 28.Nd1 Bb5 29.Qc2 Nd3 30.Bd2 Qa7 31.Bc3 Bxc3 32.bxc3 Qe7 33.Ra3
Nc5 { ...0-1, Dolgova Olga 2149 - Cherenkova Kristina 2250 , Kazan 2003
Spartakiada Russia (juniors) } ) 15.Na3 Bd7 16.Re1 Ng4 17.a5 Nc8 18.h3 Nh6
19.Nc4 Bb5 20.Ne3 b6 21.axb6 Nxb6 22.Bd2 Rb8 23.Qc1 f5 24.Ra2 Nf7 25.b3 Bd4
26.Ned1 Bg7 27.f4 Kh8 28.Nf2 Nh6 29.e4 fxe4 30.g4 Bd4 31.Be3 Bg7 32.Nfxe4 Nf7
33.Rf2 Rb7 { ...1-0, Huebner Robert Dr 2624 - Pigusov Evgeny 2556 , France 1.
2.2004 Ch France (team) 2004 } ) ( 14.Bf4 Ne5 15.Bxe5 Rxe5 16.Nc4 Re8 17.a5
Qc7 18.Nb6 Rb8 19.Rc1 Bh6 20.e3 Bd7 21.b4 c4 22.Qd4 Bg7 23.Qxc4 Qd8 24.Rfe1
Ng4 25.h3 Ne5 26.Qe2 f5 27.b5 Bxb5 28.Nxb5 axb5 29.Qxb5 Re7 30.e4 fxe4 31.Rxe4
Rc7 32.Rxc7 Qxc7 33.f4 Nf7 { ...1-0, Castagna Renzo 2229 - Hoffmann Regis 2138
, Europe 1978 Cup Mitropa } ) 14...Rb8 15.Nc4 Ne5 16.Nb6 { = } ( 16.Nxe5 Rxe5
17.Qa3 Rh5 18.h4 Re5 19.b4 b6 20.a5 Re8 21.axb6 cxb4 22.Qxb4 Rxb6 23.Qa3 Ng4
24.Bg5 Qc7 25.Rac1 Qb8 26.Rb1 Bf5 27.Rxb6 Qxb6 28.Qa4 Rf8 29.Ne4 Bxe4 30.Bxe4
Qd4 31.Qc2 a5 32.Bf3 Ne5 33.Rd1 Qa7 34.Qa4 Rb8 35.Be3 Qa6 { ...1/2-1/2, Cosma
Ioan 2465 - Arsovic Zoran 2325 , Belgrade 1994 It "TRAKO" } ) 16...Nfd7 (
16...Qc7 17.h3 h6 18.Bd2 g5 19.Nxc8 Rbxc8 20.Nd1 Ng6 21.Qc2 c4 22.Ne3 Qc5
23.Rad1 b5 24.axb5 axb5 25.b4 cxb3 26.Qxb3 Qb6 27.Nf5 Rxe2 28.Be3 Qb8 29.Nd4
Rxe3 30.Qxe3 b4 31.Nc6 Qb7 32.Rb1 Re8 33.Rxb4 Qd7 34.Rb8 Rxb8 35.Nxb8 Qf5
36.Rd1 { ...1-0, Beim Valery 2480 - Simeonov Stefan 2357 , Berlin 1991 It
(open) "Berlin Summer" } ) ( 16...Bf5 17.h3 a5 { +0.00 CAP } ) 17.Nxc8 Qxc8
18.Bh3 { -0.18 CAP } ( 18.h3 b5 19.axb5 axb5 20.Ra5 b4 21.Ne4 Qc7 22.Qa2 b3
23.Qa1 Nf6 24.Ra7 Qd8 25.Bg5 h6 26.Bxf6 Bxf6 27.Qc1 Rb4 28.Ra6 Nd7 29.Nxd6
Rxe2 30.Bf3 Rxb2 31.Be4 Nb8 32.Bxg6 Nxa6 33.Qxh6 Bg7 34.Qh7+ Kf8 35.Bxf7 Qf6
36.Qg8+ Ke7 37.Nc8+ Kd7 { ...1/2-1/2, Sakaev Konstantin 2649 - Anastasian
Ashot 2475 , Frunze 1989 Ch URS (1/2 final) } ) ( 18.a5 b5 19.axb6 Rxb6 20.Qa4
Qb7 21.Bh3 Ra8 22.Na2 Rb5 23.f4 Nb6 24.Qc2 Ned7 25.e4 Re8 26.Rf3 Nf6 27.Ra3
Nxe4 28.Nc3 Bd4+ 29.Kf1 Nxd5 30.Nxe4 Nb4 31.Qd2 Qxe4 32.Bg2 Qf5 33.Rb3 Nc2 {
0-1, Ramirez Edgar 2255 - Glavina Pablo 2447 , Cadiz 1991 It (open) } ) (
18.Qc2 { +0.52 CAP } ) 18...h5 { N } 19.Ne4 Qc7 20.Qc2 Nf6 21.Nxf6+ Bxf6 22.a5
b5 23.axb6 Rxb6 24.Bg2 Qb7 25.Rd1 Nd7 26.Ra2 Rb8 27.Rd2 c4 28.Qa4 { ?! } (
28.e4 { !? } 28...Ne5 29.Re2 h4 30.Be3 Rb3 31.Bd4 Qb5 32.Bc3 { } ) 28...Nc5
29.Qxc4 Rc8 30.Qf4 { ?! } ( 30.Rd1 { !? } 30...Rb4 31.Qc2 Ne4 32.Bxe4 Rxc2
33.Bxc2 Bxb2 34.Be3 h4 35.Bf4 Rc4 36.Bd3 Rxf4 { } ) 30...Be5 31.Qg5 Ne6 { }
{#R} 0-1

[Event "Ch SibFO (open)"]
[Site "masterchessopen.com - Angarsk (Russia)"]
[Date "2007.03.24"]
[Round "7"]
[White "Kovalevich Leonid (RUS)"]
[Black "Shkurikhin Ilia (RUS)"]
[Result "0-1"]
[WhiteElo "2268"]
[BlackElo "2371"]

1.d4 Nf6 2.c4 e6 3.Nc3 c5 4.d5 exd5 5.cxd5 d6 6.g3 g6 7.Bg2 Bg7 8.Nf3 O-O
9.O-O Re8 10.Nd2 a6 11.a4 Nbd7 12.Nc4 Ne5 13.Nxe5 Rxe5 14.Qc2 Rb8 15.a5 b5
16.axb6 Rxb6 17.h3 Rb4 18.e4 h6 19.f4 Rh5 20.Rf3 Bxh3 21.Rxa6 Bxg2 22.Qxg2 Ng4
23.e5 dxe5 24.Ne2 Qxd5 25.Rf1 Qxg2+ 26.Kxg2 Rh2+ 27.Kf3 e4+ {#R} 0-1

[Event "It \"]
[Site "masterchessopen.com - Frydek-Mistek (Czech Republic)"]
[Date "2007.04.08"]
[Round "8"]
[White "Beinoras Mindaugas (LTU)"]
[Black "Plischki Sebastian (GER)"]
[Result "0-1"]
[WhiteElo "2280"]
[BlackElo "2357"]

1.d4 Nf6 2.c4 e6 3.Nf3 c5 4.d5 exd5 5.cxd5 d6 6.Nc3 g6 7.g3 Bg7 8.Bg2 O-O
9.O-O Re8 10.Nd2 a6 11.a4 Nbd7 12.h3 Rb8 13.Nc4 Nb6 14.Na3 Bd7 15.Bf4 Qc7
16.a5 Nc8 17.Nc4 Bb5 18.Na3 Qd7 19.Re1 b6 20.e4 Nh5 21.Be3 bxa5 22.g4 Nf6
23.Bf4 Qd8 24.e5 dxe5 25.Bxe5 Rxe5 26.Rxe5 Nxg4 27.Re4 Nf6 28.Re1 Nd6 29.Qd2
Bd7 30.Qf4 Bf8 31.Qe5 Bf5 32.Rac1 Nd7 33.Qg3 Rxb2 34.Na4 Rd2 35.Nb1 Rd3 36.Re3
Rd4 37.Nbc3 Nc4 38.Be4 Nxe3 39.fxe3 Rxe4 40.Nxe4 Bxe4 41.Nc3 Bd3 42.e4 c4
43.e5 Qc7 44.Re1 Bb4 45.Qf3 Nxe5 {#R} 0-1

[Event "It (open)"]
[Site "masterchessopen.com - Sydney (Australia)"]
[Date "2007.04.13"]
[Round "6"]
[White "Mikhalevski Victor (ISR)"]
[Black "Ly Moulthun (AUS)"]
[Result "1-0"]
[WhiteElo "2598"]
[BlackElo "2306"]

1.d4 Nf6 2.c4 e6 3.g3 c5 4.d5 exd5 5.cxd5 d6 6.Nc3 g6 7.Bg2 Bg7 8.Nf3 O-O
9.O-O Re8 10.Nd2 a6 11.a4 Nbd7 12.h3 Rb8 13.Nc4 Ne5 14.Na3 Nh5 15.e4 Rf8
16.Kh2 f5 17.f4 Bd7 18.exf5 Bxf5 19.Ne2 Nd3 20.g4 Nxc1 21.Nxc1 Bxb2 22.Ra2
Bxc1 23.Qxc1 Bxg4 24.hxg4 Qh4+ 25.Kg1 Qxg4 26.Nc4 Nxf4 27.Nxd6 Nxg2 28.Rxg2
Qd4+ 29.Rgf2 Rf3 30.Qc4 Rxf2 31.Rxf2 Qxc4 32.Nxc4 b5 33.Rb2 Rd8 34.axb5 axb5
35.Nb6 b4 36.Rd2 Kf7 37.Kf2 Kf6 38.Ke3 h5 39.Ke4 h4 40.Rf2+ Kg5 41.Nc4 h3
42.Ne5 Kh5 43.Rf7 Kh4 44.Kf4 g5+ 45.Kf3 {#r} 1-0

[Event "It (cat.3)"]
[Site "masterchessopen.com - Givataim (Israel)"]
[Date "2007.04.14"]
[Round "8"]
[White "Porat Maya (ISR)"]
[Black "Popilski Gil (ISR)"]
[Result "0-1"]
[WhiteElo "2208"]
[BlackElo "2193"]

1.d4 Nf6 2.c4 c5 3.d5 e6 4.Nc3 exd5 5.cxd5 d6 6.Nf3 g6 7.g3 Bg7 8.Bg2 O-O
9.O-O a6 10.a4 Nbd7 11.Nd2 Re8 12.h3 Rb8 13.Nc4 Ne5 14.Nxe5 Rxe5 15.Qd3 Re8
16.g4 Nd7 17.f4 b5 18.axb5 axb5 19.Qg3 c4 20.Be3 b4 21.Nd1 c3 22.bxc3 bxc3
23.Rc1 Ba6 24.Rc2 Qa5 25.f5 Qa4 26.Rxc3 Bxe2 27.Rc1 Bxf1 28.Bxf1 Rb3 29.fxg6
hxg6 30.Qf4 Re4 31.Qg5 Rbxe3 32.Nxe3 Rxe3 33.Rc8+ Nf8 34.Qxe3 Bd4 35.Re8 Bxe3+
36.Rxe3 Qd4 37.Kf2 Nd7 38.Bg2 Ne5 39.Ke2 Qb2+ 40.Kf1 Kg7 41.Re2 Qc1+ 42.Re1
Qf4+ 43.Ke2 Nc4 44.Rb1 Qe3+ {#R} 0-1

[Event "Ch Germany (juniors) (under 18)"]
[Site "masterchessopen.com - Willingen (Germany)"]
[Date "2007.05.29"]
[Round "6"]
[White "Rietze Clemens (GER)"]
[Black "Lubbe Nicolas (GER)"]
[Result "0-1"]
[WhiteElo "2083"]
[BlackElo "2248"]

1.d4 Nf6 2.c4 c5 3.d5 e6 4.Nc3 exd5 5.cxd5 d6 6.Nf3 g6 7.g3 Bg7 8.Bg2 O-O
9.O-O a6 10.a4 Nbd7 11.Nd2 Re8 12.Re1 Rb8 13.Nc4 Nb6 14.Na3 Bd7 15.e4 Nh5
16.a5 Nc8 17.Nc4 Bb5 18.Qb3 Qd7 19.Be3 Bxc4 20.Qxc4 Na7 21.Bf1 Nb5 22.Qa4 Qg4
23.h3 Qc8 24.Nxb5 axb5 25.Bxb5 Re7 26.g4 Be5 27.Bf1 Nf4 28.Rac1 h5 29.f3 Rc7
30.Rc2 Qd8 31.Bf2 Kg7 32.Rec1 Qf6 33.b4 hxg4 34.fxg4 Rh8 35.Qb3 c4 36.Rxc4
Rxh3 37.Bxh3 Ne2+ 38.Kg2 Nxc1 39.Qc2 Rxc4 40.Qxc4 Qf4 41.Kf1 Qd2 42.b5 Nd3
{#R} 0-1

[Event "Tournament (open)"]
[Site "masterchessopen.com - Chotowa (Poland)"]
[Round "9"]
[White "Drozd Ryszard (POL)"]
[Black "Strzelecki Jerzy (POL)"]
[Result "1-0"]
[WhiteElo "2226"]
[BlackElo "2124"]

1.d4 Nf6 2.c4 c5 3.d5 e6 4.Nc3 exd5 5.cxd5 d6 6.g3 g6 7.Bg2 Bg7 8.Nf3 O-O
9.O-O a6 10.a4 Re8 11.Nd2 Nbd7 12.Qc2 Rb8 13.Nc4 Ne5 14.Na3 Nh5 15.Re1 f5
16.Rb1 Qc7 17.Bd2 Bd7 18.b4 b5 19.axb5 axb5 20.Rec1 c4 21.h3 Rf8 22.Re1 Qd8
23.Qc1 Rb7 24.Nc2 f4 25.Ne4 Bf5 26.g4 Bxg4 27.hxg4 Nxg4 28.Rd1 Qh4 29.Ne1 Bd4
30.Nf3 Bxf2+ 31.Kf1 Ng3+ 32.Nxg3 Qxg3 33.Qc3 Ne3+ 34.Bxe3 Bxe3 35.Qe1 Qg4
36.Ra1 Rf5 37.Ra8+ Kg7 38.Rd8 Rc7 39.Qc3+ Kh6 40.Rxd6 Rh5 41.Rc6 Rh2 42.Nxh2
Qg3 43.Ng4+ Qxg4 44.Rxc7 Qg3 45.Qg7+ Kh5 46.Bf3+ {#r} 1-0

[Event "It (open)"]
[Site "masterchessopen.com - Las Vegas (USA)"]
[Date "2007.06.09"]
[Round "3"]
[White "Hecht Hans-Joachim (GER)"]
[Black "Akopian Robert (USA)"]
[Result "1-0"]
[WhiteElo "2391"]
[BlackElo "2150"]

1.d4 Nf6 2.c4 c5 3.d5 e6 4.Nc3 exd5 5.cxd5 d6 6.Nf3 g6 7.g3 Bg7 8.Bg2 O-O
9.O-O a6 10.a4 Re8 11.Nd2 Nbd7 12.h3 Rb8 13.Nc4 Ne5 14.Na3 Qc7 15.f4 Ned7
16.Kh2 h5 17.e4 Nh7 18.Qd3 Nb6 19.Bd2 Bd7 20.a5 Na4 21.Nc4 Nxc3 22.Bxc3 Bb5
23.Rfe1 Rbd8 24.b3 Rd7 25.Bxg7 Kxg7 26.Qc3+ f6 27.e5 Bxc4 28.exf6+ Kf7 29.Rxe8
Kxe8 30.bxc4 Kf7 31.g4 hxg4 32.hxg4 Nxf6 33.g5 Nh5 34.Bf3 Kg8 35.Bxh5 Rh7
36.Qf6 Rxh5+ 37.Kg3 Qh7 38.Qe6+ Kh8 39.Re1 Qg7 40.Qe8+ Qg8 41.Qxg8+ Kxg8
42.Re6 {#r} 1-0

[Event "It (open) \"]
[Site "masterchessopen.com - Minsk (Belarus)"]
[Date "2007.07.11"]
[Round "2"]
[White "Maiorov Nikita (BLR)"]
[Black "Nesterenko Pavel (BLR)"]
[Result "1-0"]
[WhiteElo "2503"]
[BlackElo "2259"]

1.d4 Nf6 2.c4 c5 3.d5 e6 4.Nc3 exd5 5.cxd5 d6 6.Nf3 g6 7.g3 Bg7 8.Bg2 O-O
9.O-O Re8 10.Nd2 a6 11.a4 Nbd7 12.h3 Rb8 13.Nc4 Qc7 14.Bf4 Bf8 15.a5 b5
16.axb6 Nxb6 17.Na5 Nbd7 18.Ra2 Nh5 19.Bd2 Bg7 20.Nc6 Ra8 21.Nb5 axb5 22.Rxa8
b4 23.b3 Nhf6 24.e4 Bb7 25.Rxe8+ Nxe8 26.Qc2 Bxc6 27.dxc6 Ne5 28.Qa2 Nxc6
29.Qa8 Nd8 30.Bg5 f6 31.Be3 Qd7 32.Rd1 Nc7 33.Qb8 Bf8 34.Bf1 Nde6 35.Bc4 Kg7
36.Ra1 {#r} 1-0

[Event "Tournament (Elo)"]
[Site "masterchessopen.com - Ekaterinburg (Russia)"]
[Date "2007.07.22"]
[Round "4"]
[White "Kozlov Oleg (RUS)"]
[Black "Kaliberda Vladimir (UKR)"]
[Result "0-1"]
[WhiteElo "2152"]
[BlackElo "2319"]

1.d4 Nf6 2.c4 c5 3.d5 e6 4.Nc3 exd5 5.cxd5 d6 6.g3 g6 7.Bg2 Bg7 8.Nf3 O-O
9.O-O a6 10.a4 Nbd7 11.Nd2 Re8 12.Nc4 Nb6 13.Na3 Bd7 14.a5 Nc8 15.Nc4 Bb5
16.Nxb5 axb5 17.a6 Rxa6 18.Rxa6 bxa6 19.Ne3 Nb6 20.b3 Ne4 21.Qc2 Nc3 22.Bb2 b4
23.Re1 a5 24.Bf3 a4 25.bxa4 Nbxa4 26.Bxc3 Nxc3 27.Qb3 Qa5 28.Nc4 Qa6 29.Kg2
Nb5 30.e3 Nd4 31.Qd3 Nxf3 32.Kxf3 Rb8 33.Kg2 b3 34.Rb1 Rb4 35.Rc1 Rxc4 36.Rxc4
b2 {#R} 0-1

[Event "Tournament (open)"]
[Site "masterchessopen.com - Kemerovo (Russia)"]
[Date "2007.07.23"]
[Round "0"]
[White "Riabov Alexander (SVK)"]
[Black "Smotriakov Arkady (RUS)"]
[Result "0-1"]
[WhiteElo "2109"]
[BlackElo "2141"]

1.d4 Nf6 2.c4 e6 3.g3 c5 4.d5 exd5 5.cxd5 d6 6.Nc3 g6 7.Bg2 Bg7 8.Nf3 O-O
9.O-O a6 10.a4 Re8 11.Nd2 Nbd7 12.e4 Qc7 13.Nc4 Ne5 14.Na3 c4 15.h3 Nd3 16.Qc2
Nxc1 17.Raxc1 Bd7 18.Rfe1 Rab8 19.Nd1 b5 20.axb5 axb5 21.Ne3 Nh5 22.Kh2 Ra8
23.Nb1 Rec8 24.Nc3 b4 25.Ne2 Bb5 26.Red1 Ra2 27.Nd4 Bxd4 28.Rxd4 c3 29.Rxb4
Rxb2 30.Rxb2 cxb2 31.Qxb2 Qxc1 32.Qxb5 Kg7 33.Qd7 Qc5 34.Bf3 Nf6 35.Qa4 Rc7
36.Qa1 Qc3 37.Qa6 Qe5 38.Nc4 Qd4 39.Nxd6 Qxf2+ 40.Bg2 Rc2 {#R} 0-1